00323nam a2200121Ia 4500008004100000082001500041100002200056245002800078260003300106365000600139630002800145730002800173100415s9999 xx 000 0 und d b933a599.6 aEardley-Wilmot S aThe Life Of An Elephant aLONDON.c1912bEDWARD ARNOLD b0 aThe Life Of An Elephant aThe Life Of An Elephant